000 00227nam a2200085Ia 4500
245 0 _aYou too can succeed
100 _a Joginder Singh, Elgin, IL, [2009]
_952065
942 _cBK
008 210819s9999 xx 000 0 und d
999 _c290746
_d290744